00786nam a22002057a 4500999001900000005001700019010001500036020002600051035001400077037001300091082001200104100002500116245008300141260004500224270006600269300002500335500007000360942002600430952012400456 c158294d15829420181024161349.0 aENG-124359 a9780199467457c795.00 aEN-107891 bDBAD/PUB a871.309 aKeshavamurthy, Kiran aBeyond Desire:cby Kiran Keshavamurthybsexuality in modern tamil literature / aNew DelhibOxford University Pressc2016 bNew Delhie110002a2/11 Ground Floor, Ansari Road, Daryaganj, axxxv,198pc22cm.(Hb) aIt includes conclusion, bibliography, index and about the author  2ddccENh871.309mKES 001040718NFICaDBADbBNd2018-10-24eDBAD/PUBg795.00l0o871.309 KESpEN-107891r2018-10-24 00:00:00t1v795.00yEN